| 000 -LEADER |
| fixed length control field |
00474nam a22001697a 4500 |
| 020 ## - INTERNATIONAL STANDARD BOOK NUMBER |
| ISBN |
9788197297786 |
| 082 ## - DEWEY DECIMAL CLASSIFICATION NUMBER |
| Classification number |
M 030 |
| Item number |
THU/M |
| 100 ## - MAIN ENTRY--AUTHOR NAME |
| Personal name |
Thulaseedharan Pillai K |
| 245 ## - TITLE STATEMENT |
| Title |
Malsarappareekshakalile English Grammar/ |
| Statement of responsibility, etc |
by Thulaseedharan Pillai K |
| 260 ## - PUBLICATION, DISTRIBUTION, ETC. (IMPRINT) |
| Place of publication |
Kozhikode: |
| Name of publisher |
Atma, |
| Year of publication |
2024. |
| 300 ## - PHYSICAL DESCRIPTION |
| Number of Pages |
368p. |
| 500 ## - GENERAL NOTE |
| General note |
English Grammar for PSC exams |
| 650 ## - SUBJECT ADDED ENTRY--TOPICAL TERM |
| Topical Term |
PSC Exam English Grammar |
| 650 ## - SUBJECT ADDED ENTRY--TOPICAL TERM |
| Topical Term |
English Grammar |
| 650 ## - SUBJECT ADDED ENTRY--TOPICAL TERM |
| Topical Term |
General English |
| 942 ## - ADDED ENTRY ELEMENTS (KOHA) |
| Koha item type |
Book |